| 000 | 004610000a22001810004500 | ||
|---|---|---|---|
| 003 | MACL | ||
| 005 | 20151003132102.0 | ||
| 008 | 151003b xxu||||| |||| 00| 0 eng d | ||
| 040 |
_aMACL _cMACL |
||
| 041 | _aEnglish | ||
| 082 | _a900/PAL | ||
| 100 |
_aPalit, Chittabrata _9480 |
||
| 245 |
_aIndian Historiography _bVOL 1 |
||
| 260 |
_bInstitute of Historical Studies _c2008 _aKolkata |
||
| 350 | _a400 | ||
| 650 |
_aHistory _913429 |
||
| 942 |
_cBK _k900/PAL _2ddc |
||
| 999 |
_c42640 _d42640 |
||